000 004870000a22001930004500
001 002075
003 MACL
005 20151023102759.0
008 151023b xxu||||| |||| 00| 0 eng d
040 _aMACL
_cMACL
041 _aEnglish
082 _a927/GHA
100 _aGhatak, Ritwik
_916308
245 _aRow And Rows Of Fences
_bOn Cinema
_cRitwik Ghatak
260 _aCalcutta
_c2000
_bSeagull Publications,
350 _a325
650 _aBiography
_916309
942 _k927
_cBK
_2ddc
999 _c13991
_d13991